000 00765nam a2200229 i 4500
001 20057
003 ES-MaACL
005 20240115204017.0
007 t|
008 021122s1992 sp ||||1| spa d
020 _a84-86723-20-5
080 _a081 Campoamor, Ramón de
100 1 _aCampoamor, Ramón de,
_d1817-1901
_934232
245 1 0 _aObras selectas /
_c[Ramón de Campoamor] ; prólogo, notas y bibliografía por Alvaro Ruiz de la Peña.
260 _a[Oviedo] :
_bHércules Astur,
_c[1992]
300 _a541 p. :
_bil. ;
_c20 cm.
490 1 _aGrandes autores asturianos
700 1 _aRuiz de la Peña, Álvaro
_9100748
830 0 _aGrandes autores asturianos
_9180672
852 _aES-MaACL
_jL-26051
_bR.131914
999 _c20057
_d20057